Erfolgreichste Trainerdebüts in der Bundesliga - Statistiken

Allgemein
  • Dieses Quiz wurde 115 mal gespielt
  • Das Durchschnittsergebnis liegt bei 12 aus 26
Antwortstatistiken
Punkte
(erste 10 Spiele)
Jahr Verein Trainer % Korrekt
24 2019 Bayern Hansi Flick
90%
27 2017 Bayern Jupp Heynckes
90%
23 2015 Dortmund Thomas Tuchel
89%
25 2021 Bayern Julian Nagelsmann
88%
26 2013 Bayern Pep Guardiola
88%
24 2016 Bayern Carlo Ancelotti
82%
24 2021 Dortmund Marco Rose
81%
23 2022 Leipzig Marco Rose
81%
24 2018 Dortmund Lucien Favre
66%
25 1998 Bayern Ottmar Hitzfeld
63%
27 2004 Schalke Ralf Rangnick
63%
23 1995 Hamburg Felix Magath
54%
24 2016 Leipzig Ralph Hasenhüttl
52%
26 1993 Frankfurt Klaus Toppmöller
44%
23 1996 Bayern Giovanni Trapattoni
41%
24 1995 Bayern Otto Rehhagel
38%
25 2013 Leverkusen Sami Hyypiä
27%
23 2009 Stuttgart Christian Gross
23%
24 2008 Stuttgart Markus Babbel
19%
25 2003 Leverkusen Klaus Augenthaler
15%
26 1968 Bayern Branko Zebec
14%
25 2002 Hertha Falko Götz
14%
23 1986 Stuttgart Willi Entenmann
6%
25 1971 Schalke Ivica Horvat
4%
23 1965 Dortmund Willi Multhaup
3%
24 1968 1860 Hans Pilz
1%
Keine übereinstimmenden Quizze gefunden
Verteilung der Resultate
Anzahl Personen mit jedem Resultat
Perzentil nach korrekt beantworteten Fragen
Ihre Resultats-Entwicklung
Sie haben dieses Quiz noch nicht gespielt